banner-ar

الدليل الفنى للطلمبات / (Record no. 57919)

MARC details
000 -الفاتح
حقل البيانات ثابتة الطول 00677nam a2200229Ia 4500
008 - عناصر البيانات ثابتة الطول - معلومات عامة
حقل البيانات ثابتة الطول 140319s9999 xx 000 0 ara d
040 ## - مصدر الفهرسة
وكالة الفهرسة الأصلية GCL /
وكالة النسخ GCL
082 04 - رقم تصنيف ديوى العشرى
رقم التصنيف 621.69
رقم المادة ع د
100 1# - المدخل الرئيسى - إسم شخصى
الإسم الشخصى مجدى كامل
245 10 - بيان العنوان
العنوان الدليل الفنى للطلمبات /
بيان المسئوليه,etc مجدى كامل
700 1# - المدخل الاضافى - اسم شخصى
الإسم الشخصى محمد عبدالله
700 1# - المدخل الاضافى - اسم شخصى
الإسم الشخصى على مصطفى فرج
700 1# - المدخل الاضافى - اسم شخصى
الإسم الشخصى محمد حسنين
250 ## - بيان الطبعة
بيان الطبعة الاولى
300 ## - الوصف المادى
التعداد 474 ص ؛
أبعاد الوعاء 30 سم
650 04 - المدخل الاضافى بالموضوع-مصطلح موضوعى
مصطلح موضوعي الطلمبات
650 04 - المدخل الاضافى بالموضوع-مصطلح موضوعى
مصطلح موضوعي الطلمبات الالية
650 04 - المدخل الاضافى بالموضوع-مصطلح موضوعى
مصطلح موضوعي الطلمبات - اختبار
650 04 - المدخل الاضافى بالموضوع-مصطلح موضوعى
مصطلح موضوعي الطلمبات الدوارة
942 ## - عناصر المدخل الإضافي( كوها)
مصدر التصنيف او مخطط الترفيف Dewey Decimal Classification
Koha [default] item type كتاب
Holdings
حالة التراجع حالة الفقد حالة تلف ليس للاعارة المكان المؤقت الموقع الحالى تاريخ الاكتساب اجمالي اﻻعارات رقم الطلب الباركود تاريخ اخر مشاهدة تاريخ تفعيل السعر نوع وعاء كوها
        مكتبة القاهرة الكبرى مكتبة القاهرة الكبرى 03/26/2014   621.69 \ ع د 148905 03/26/2014 03/26/2014 كتاب
        مكتبة القاهرة الكبرى مكتبة القاهرة الكبرى 03/26/2014   621.69 \ ع د 148906 03/26/2014 03/26/2014 كتاب

Powered By

EGPV